Heavy traffic analysis of controlled queueing and communication networks
Αποθηκεύτηκε σε:
| Κύριος συγγραφέας: | |
|---|---|
| Μορφή: | Βιβλίο |
| Γλώσσα: | English |
| Δημοσίευση: |
New York :
Springer,
c2001
|
| Σειρά: | Applications of mathematics ;
; 47 |
| Θέματα: | |
| Ετικέτες: |
Προσθήκη ετικέτας
Δεν υπάρχουν, Καταχωρήστε ετικέτα πρώτοι!
|
MARC
| LEADER | 00000nam a2200000 i 4500 | ||
|---|---|---|---|
| 001 | 1/24977 | ||
| 008 | 020617s2001 eng d | ||
| 020 | |a 0-387-95264-0 | ||
| 035 | |l 10067982 | ||
| 040 | |a GR-MY-UA |b gre |e aacr | ||
| 041 | 0 | |a eng | |
| 082 | 0 | |a 519.82 | |
| 100 | 1 | |a Kushner, Harold J. |q (Harold Joseph) |d 1933- | |
| 245 | 1 | 0 | |a Heavy traffic analysis of controlled queueing and communication networks / |c Harold J. Kushner |
| 260 | |a New York : |b Springer, |c c2001 | ||
| 300 | |a xix, 513 p.; |b ill.; |c 24 cm. | ||
| 490 | 1 | |a Applications of mathematics |v ; 47 | |
| 504 | |a Includes bibliographical references and index | ||
| 650 | 0 | 0 | |a Queuing theory. |
| 830 | 0 | |a Applications of mathematics ; |v ; 47 | |
| 852 | |a INST |b SAMOS |e 20020617 |h 519.82 KUS |p 005300020057 |q 005300020057 |t BK |y 0 | ||
| 901 | |a BIBL3-2002-2 | ||
| 909 | |a Σ |b 102097 | ||
| 922 | |a 3ΕΛΗ |b 200202 |c ΤΣΑΕ |d ΠΑΠΑΣΩΤΗΡΙΟΥ | ||
| 950 | |a 184-2002-02-19 | ||
| 970 | |a ΚΟΣΙΕΡΗΣ |b ΧΡΗΣΤΟΣ |z 2002/07/08 | ||